| 000 | 00461nam a2200157 a 4500 | ||
|---|---|---|---|
| 020 | _a0521253020 (hb) | ||
| 082 |
_a005.133 _bHOL _cML-02,P-91 |
||
| 100 | 1 |
_aHolmes, B.J _936741 |
|
| 245 | 1 |
_aPascal programming _cHolmes, B.J |
|
| 260 |
_aLondon : _bDP. Publications, _c1988 |
||
| 300 |
_aix. 373p. : _bill. _c26 cm. |
||
| 526 |
_a0 _b0 _c0 _d005_133000000000000_HOL |
||
| 650 | 0 |
_aMCE _9379 |
|
| 650 | 0 |
_aPASCAL (Computer Program Language) _914014 |
|
| 942 |
_2ddc _cBK |
||
| 999 |
_c541720 _d541720 |
||